[Event "Montesilvano Adriatico op 22nd"]
[Site "Montesilvano"]
[Date "2021.06.05"]
[Round "2"]
[White "Sibilio, Mario"]
[Black "Vincenzi, Marco"]
[Result "1-0"]
[WhiteElo "2304"]
[BlackElo "1996"]
[PlyCount "99"]
[EventDate "2021.06.04"]
[EventType "swiss"]
[EventRounds "5"]
[EventCountry "ITA"]
[SourceTitle "CBM 202 Extra"]
[Source "ChessBase"]
[SourceDate "2021.07.31"]
[SourceVersion "1"]
[SourceVersionDate "2021.07.31"]
[SourceQuality "1"]

1. d4 Nf6 2. Nf3 c5 3. d5 d6 4. c4 e6 5. Nc3 exd5 6. cxd5 g6 7. e4 Bg7 8. Bb5+ Bd7 9. a4 0-0 10. Nd2 Ne8 11. 0-0 f5 12. exf5 Bxf5 13. Ra3 Na6 14. Nde4 Nb4 15. g4 Bc8 16. f3 a6 17. Bxe8 Rxe8 18. Bg5 Qc7 19. Nf6+ Bxf6 20. Bxf6 b6 21. Bg5 Bb7 22. Ne4 Rf8 23. Qd2 Nxd5 24. Rd3 Nb4 25. Rxd6 Bxe4 26. fxe4 Rxf1+ 27. Kxf1 Rf8+ 28. Kg1 Qb7 29. Qe2 b5 30. e5 c4 31. e6 Qc7 32. Qe5 Nd3 33. Qd4 Qa5 34. Qe3 Qxa4 35. Qe2 Qa1+ 36. Kg2 Qxb2 37. Qxb2 Nxb2 38. Rxa6 Na4 39. Rc6 Re8 40. e7 Kg7 41. Kf3 h6 42. Bf6+ Kf7 43. h4 g5 44. hxg5 hxg5 45. Bxg5 Nb2 46. Rb6 Nd3 47. Rxb5 Rc8 48. Rf5+ Kg7 49. Ke2 Nc5 50. Rxc5 1-0

[Event "Cesenatico op 21st"]
[Site "Cesenatico"]
[Date "2017.09.08"]
[Round "7"]
[White "Dragojlovic, Andjelko"]
[Black "Vincenzi, Marco"]
[Result "1-0"]
[WhiteElo "2284"]
[BlackElo "2086"]
[PlyCount "111"]
[EventDate "2017.09.02"]
[EventType "swiss"]
[EventRounds "9"]
[EventCountry "ITA"]
[SourceTitle "CBM 180 Extra"]
[Source "ChessBase"]
[SourceDate "2017.10.06"]
[SourceVersion "1"]
[SourceVersionDate "2017.10.06"]
[SourceQuality "1"]

1. c4 Nf6 2. Nc3 d5 3. cxd5 Nxd5 4. g3 c5 5. Bg2 Nxc3 6. bxc3 Nc6 7. Rb1 e5 8. d3 Be7 9. Nf3 0-0 10. 0-0 Qc7 11. Be3 Be6 12. c4 b6 13. Ng5 Bxg5 14. Bxg5 h6 15. Be3 Rad8 16. Qc2 Qd7 17. Rfe1 Ne7 18. a4 Nc6 19. Qc3 f6 20. a5 Nxa5 21. Bxc5 Rf7 22. Bxb6 axb6 23. Rxb6 Nb7 24. Bxb7 Qxb7 25. Rxe6 Rc7 26. Ra1 h5 27. h4 Rd4 28. Qa5 Kh7 29. Qb6 Qxb6 30. Rxb6 e4 31. Rb3 g5 32. hxg5 fxg5 33. Ra5 exd3 34. exd3 Rg7 35. Kg2 Rg6 36. Rbb5 Kh6 37. Rd5 Rxd5 38. Rxd5 Kg7 39. c5 Kf7 40. d4 Ke7 41. Re5+ Kd7 42. d5 Rg8 43. Kf3 Rg6 44. Ke4 Rg8 45. Kd4 Rg6 46. Rf5 h4 47. Rf7+ Ke8 48. Rh7 Rf6 49. gxh4 gxh4 50. Rxh4 Rxf2 51. c6 Ke7 52. Rh7+ Kd8 53. Kc5 Rg2 54. Rh8+ Ke7 55. d6+ Kf7 56. d7 1-0

[Event "Cesenatico op 21st"]
[Site "Cesenatico"]
[Date "2017.09.05"]
[Round "4"]
[White "Vincenzi, Marco"]
[Black "Lalic, Bogdan"]
[Result "1/2-1/2"]
[WhiteElo "2086"]
[BlackElo "2438"]
[PlyCount "128"]
[EventDate "2017.09.02"]
[EventType "swiss"]
[EventRounds "9"]
[EventCountry "ITA"]
[SourceTitle "CBM 180 Extra"]
[Source "ChessBase"]
[SourceDate "2017.10.06"]
[SourceVersion "1"]
[SourceVersionDate "2017.10.06"]
[SourceQuality "1"]

1. d4 d5 2. c4 dxc4 3. Nf3 a6 4. a4 Nc6 5. e3 Na5 6. Ne5 Be6 7. Nd2 Nf6 8. Ndxc4 Nxc4 9. Nxc4 g6 10. Be2 c5 11. 0-0 cxd4 12. Qxd4 Qxd4 13. exd4 Bg7 14. Nb6 Rd8 15. Be3 Nd5 16. Nxd5 Bxd5 17. Rfc1 0-0 18. Rc7 e5 19. dxe5 Bxe5 20. Rc2 Rfe8 21. Bf3 Bxf3 22. gxf3 Rd3 23. f4 Bd4 24. Bxd4 Rxd4 25. f5 gxf5 26. Ra3 Re6 27. Rb3 Rxa4 28. Rxb7 Rg4+ 29. Kf1 f4 30. Rc3 Rg5 31. Rf3 Rf6 32. Rb4 Rh5 33. h3 Kg7 34. Ke2 Rh4 35. Ra4 Rfh6 36. Raa3 Rb6 37. b4 Rxb4 38. Rxa6 Rh5 39. Ra2 Kg6 40. Rfa3 f6 41. Rc2 Rb1 42. Rf3 Rh1 43. Rcc3 Re5+ 44. Kd2 Re4 45. Rc5 Ra4 46. Rc2 Kf5 47. Rd3 Ke4 48. Ke2 Re1+ 49. Kxe1 Kxd3 50. Rd2+ Ke4 51. Kf1 f3 52. Kg1 f5 53. Kh2 Kf4 54. Rb2 Re4 55. Kg1 Re1+ 56. Kh2 h5 57. Rb4+ Re4 58. Rb8 h4 59. Rb3 Re2 60. Kg1 Re1+ 61. Kh2 Ke4 62. Ra3 Rf1 63. Re3+ Kf4 64. Rxf3+ Kxf3 1/2-1/2

[Event "Porto San Giorgio op 27th"]
[Site "Porto San Giorgio"]
[Date "2016.08.26"]
[Round "7"]
[White "De Haan, Eric"]
[Black "Vincenzi, Marco"]
[Result "1-0"]
[WhiteElo "2355"]
[BlackElo "2149"]
[PlyCount "79"]
[EventDate "2016.08.20"]
[EventType "swiss"]
[EventRounds "9"]
[EventCountry "ITA"]
[SourceTitle "CBM 174 Extra"]
[Source "ChessBase"]
[SourceDate "2016.10.10"]
[SourceVersion "1"]
[SourceVersionDate "2016.10.10"]
[SourceQuality "1"]

1. d4 Nf6 2. c4 g6 3. Nc3 d5 4. Nf3 Bg7 5. Qb3 dxc4 6. Qxc4 0-0 7. e4 Nc6 8. Be2 Bg4 9. d5 Bxf3 10. gxf3 Na5 11. Qd3 c6 12. b4 cxd5 13. bxa5 dxe4 14. Qxd8 Rfxd8 15. Rb1 Rac8 16. Nxe4 Nxe4 17. fxe4 Bc3+ 18. Kf1 Bxa5 19. Be3 b6 20. a4 Rc2 21. Bb5 Rdc8 22. Kg2 Bd2 23. Bxd2 Rxd2 24. Rhd1 Rdc2 25. Rd7 e6 26. Rxa7 Kg7 27. Rd1 Kf6 28. Kg3 R8c3+ 29. f3 h5 30. h4 g5 31. hxg5+ Kxg5 32. Rxf7 h4+ 33. Kh3 Rf2 34. Rg1+ Kh6 35. Rf6+ Kh7 36. Kg4 h3 37. Kxh3 Rfxf3+ 38. Rxf3 Rxf3+ 39. Kg4 Rf2 40. Rf1 1-0

[Event "Porto San Giorgio op 26th"]
[Site "Porto San Giorgio"]
[Date "2015.08.30"]
[Round "9"]
[White "Vincenzi, Marco"]
[Black "Begelman, Boris"]
[Result "0-1"]
[WhiteElo "2083"]
[BlackElo "2125"]
[PlyCount "102"]
[EventDate "2015.08.22"]
[EventType "swiss"]
[EventRounds "9"]
[EventCountry "ITA"]
[SourceTitle "EXT 2016"]
[Source "ChessBase"]
[SourceDate "2015.10.08"]
[SourceVersion "1"]
[SourceVersionDate "2015.10.08"]
[SourceQuality "1"]

1. d4 Nf6 2. c4 e6 3. Nf3 Bb4+ 4. Bd2 Qe7 5. Nc3 Bxc3 6. Bxc3 Ne4 7. Rc1 0-0 8. g3 d6 9. Bg2 Nc6 10. 0-0 Nxc3 11. Rxc3 e5 12. d5 Nb8 13. Qd2 a5 14. c5 Na6 15. cxd6 cxd6 16. Qe3 Nb4 17. Nd2 Nxa2 18. Rb3 Nb4 19. Rc1 b5 20. Qb6 Qd8 21. Rc7 Bg4 22. e4 Be2 23. Rbc3 a4 24. Qe3 Na6 25. R7c6 b4 26. Rc1 Bb5 27. Rb6 Rb8 28. Rxb8 Qxb8 29. Bh3 h6 30. Nf3 Nc5 31. Nh4 Nb3 32. Nf5 Kh7 33. Rd1 Bd7 34. f4 Bxf5 35. Bxf5+ g6 36. Bd7 Nc5 37. Bc6 f6 38. Ra1 a3 39. bxa3 b3 40. Rb1 Qb6 41. Kg2 Rb8 42. fxe5 fxe5 43. a4 Qb4 44. Bb5 Rf8 45. Rb2 Kg7 46. h4 Qa3 47. Rf2 Rxf2+ 48. Qxf2 Qa2 49. Bc4 Qxf2+ 50. Kxf2 b2 51. Ba2 Nxa4 0-1

[Event "Pula op 28th"]
[Site "Pula"]
[Date "2014.06.08"]
[Round "2"]
[White "Vincenzi, Marco"]
[Black "Jusic, Zdenko"]
[Result "0-1"]
[WhiteElo "2047"]
[BlackElo "2289"]
[PlyCount "86"]
[EventDate "2014.06.07"]
[EventType "swiss"]
[EventRounds "9"]
[EventCountry "CRO"]
[SourceTitle "CBM 160 Extra"]
[Source "ChessBase"]
[SourceDate "2014.07.01"]
[SourceVersion "1"]
[SourceVersionDate "2014.07.01"]
[SourceQuality "1"]

1. d4 Nf6 2. c4 d6 3. Nc3 Nbd7 4. e4 e5 5. Nf3 c6 6. Be2 Be7 7. 0-0 0-0 8. Qc2 h6 9. Rd1 Qc7 10. b3 Re8 11. Bb2 Nf8 12. dxe5 dxe5 13. Rd2 Ng6 14. g3 Bg4 15. Rad1 a5 16. a3 Rac8 17. Kg2 Nd7 18. h3 Be6 19. Na4 Nc5 20. Nxc5 Bxc5 21. Ne1 Qe7 22. Bh5 Qg5 23. Bxg6 Qxg6 24. Nf3 Qh5 25. Ng1 b5 26. Qc3 a4 27. b4 Bd4 28. Rxd4 exd4 29. Qxd4 Qg6 30. Re1 Bxc4 31. Nf3 Rcd8 32. Qe3 Rd3 33. Qf4 Rb3 34. Nh4 Qg5 35. Bc1 Qxf4 36. gxf4 Rd8 37. Nf5 Rdd3 38. Ne3 Rb1 39. Nf5 Kf8 40. Rg1 Be6 41. Ng3 Rc3 42. Ne2 Rc2 43. Kf3 Bc4 0-1

[Event "Giovanni Pico Cup 7th"]
[Site "Mirandola"]
[Date "2014.01.11"]
[Round "2"]
[White "Sacchetti, Andrea"]
[Black "Vincenzi, Marco"]
[Result "1-0"]
[WhiteElo "1890"]
[BlackElo "2062"]
[PlyCount "113"]
[EventDate "2014.01.10"]
[EventType "swiss"]
[EventRounds "5"]
[EventCountry "ITA"]
[SourceTitle "EXT 2015"]
[Source "ChessBase"]
[SourceDate "2014.11.20"]
[SourceVersion "1"]
[SourceVersionDate "2014.11.20"]
[SourceQuality "1"]

1. d4 Nf6 2. c4 g6 3. Nc3 d5 4. cxd5 Nxd5 5. e4 Nxc3 6. bxc3 Bg7 7. Bc4 c5 8. Ne2 0-0 9. 0-0 Nc6 10. Be3 Bg4 11. f3 Na5 12. Bd3 cxd4 13. cxd4 Be6 14. Qa4 a6 15. Rac1 b5 16. Qa3 Nc4 17. Bxc4 Bxc4 18. Kf2 e5 19. Rxc4 bxc4 20. d5 f5 21. Bc5 Rf7 22. exf5 Qxd5 23. fxg6 hxg6 24. Nc3 Qd2+ 25. Kg1 Bh6 26. Ne4 Qd3 27. Qxd3 cxd3 28. Rd1 Rd8 29. Bd6 Rb7 30. Bxe5 Bg7 31. Nc5 Bxe5 32. Nxb7 Rd5 33. a4 Kf7 34. g3 Ke7 35. Kf1 Kd7 36. Rxd3 Kc6 37. Nd8+ Kc5 38. Rxd5+ Kxd5 39. Ke2 Kc4 40. Kd2 Bf6 41. Nc6 Kb3 42. a5 Ka4 43. Kd3 Kb5 44. Nb8 Kxa5 45. Ke4 Kb5 46. Nxa6 Kxa6 47. f4 Kb5 48. Kd5 Bc3 49. Ke6 Kc6 50. Kf7 Kd5 51. Kxg6 Ke4 52. f5 Kf3 53. f6 Kg2 54. h4 Kxg3 55. h5 Kf4 56. h6 Ke5 57. h7 1-0

[Event "Cesenatico op 17th"]
[Site "Cesenatico"]
[Date "2013.09.06"]
[Round "7"]
[White "Drei, Andrea"]
[Black "Vincenzi, Marco"]
[Result "1-0"]
[WhiteElo "2257"]
[BlackElo "2093"]
[PlyCount "97"]
[EventDate "2013.08.31"]
[EventType "swiss"]
[EventRounds "9"]
[EventCountry "ITA"]
[SourceTitle "CBM 156 Extra"]
[Source "ChessBase"]
[SourceDate "2013.10.22"]
[SourceVersion "1"]
[SourceVersionDate "2013.10.22"]
[SourceQuality "1"]

1. e4 c5 2. c3 Nf6 3. e5 Nd5 4. Nf3 Nc6 5. Bc4 Nb6 6. Bb3 c4 7. Bc2 Qc7 8. Qe2 g5 9. e6 dxe6 10. Nxg5 Qe5 11. Ne4 h5 12. d4 cxd3 13. Bxd3 Bh6 14. Nbd2 Bxd2+ 15. Bxd2 Nd5 16. g3 b6 17. 0-0-0 Bb7 18. Kb1 h4 19. f4 Qc7 20. Ng5 Rf8 21. Rhe1 Bc8 22. c4 Nf6 23. Bc3 Bd7 24. Bxf6 exf6 25. Nh7 Ke7 26. Nxf8 Rxf8 27. Be4 Rg8 28. Qf3 Nb4 29. a3 Na6 30. gxh4 Qxc4 31. Rc1 Qa4 32. Bc2 Qa5 33. h5 Rh8 34. Red1 Rxh5 35. b4 Nxb4 36. axb4 Qxb4+ 37. Qb3 Qa5 38. f5 Rh4 39. Qd3 Rb4+ 40. Bb3 Qxf5 41. Qxf5 exf5 42. Ka2 Be8 43. Rc7+ Kf8 44. Rxa7 Re4 45. Rd8 Kg7 46. Raa8 Bc6 47. Rac8 Re2+ 48. Ka3 Be4 49. Rh8 1-0

[Event "Cesenatico op 17th"]
[Site "Cesenatico"]
[Date "2013.09.02"]
[Round "3"]
[White "Zimina, Olga"]
[Black "Vincenzi, Marco"]
[Result "1-0"]
[WhiteElo "2337"]
[BlackElo "2093"]
[PlyCount "75"]
[EventDate "2013.08.31"]
[EventType "swiss"]
[EventRounds "9"]
[EventCountry "ITA"]
[SourceTitle "CBM 156 Extra"]
[Source "ChessBase"]
[SourceDate "2013.10.22"]
[SourceVersion "1"]
[SourceVersionDate "2013.10.22"]
[SourceQuality "1"]

1. Nf3 c5 2. c4 Nf6 3. Nc3 d5 4. cxd5 Nxd5 5. e4 Nxc3 6. bxc3 g6 7. Bc4 Bg7 8. 0-0 0-0 9. h3 Nc6 10. Bb2 Na5 11. Be2 c4 12. Nd4 e5 13. Nc2 Qg5 14. Kh1 Qh4 15. d3 cxd3 16. Qxd3 Rd8 17. Qf3 Rd2 18. Rac1 Be6 19. Ba3 Bh6 20. Ne3 Bxe3 21. Qxe3 Rad8 22. Qf3 b6 23. Rcd1 Bxa2 24. Bc1 Rxd1 25. Rxd1 Rxd1+ 26. Bxd1 Bb1 27. g4 h5 28. Kg1 hxg4 29. hxg4 Nc4 30. Bb3 Nd6 31. Bd5 Qh7 32. Bg5 Ne8 33. Qd1 Qh3 34. Bxf7+ Kh8 35. Bxe8 Bxe4 36. Bf6+ Kh7 37. Qd7+ Kh6 38. Qg7# 1-0

[Event "Cesenatico op 17th"]
[Site "Cesenatico"]
[Date "2013.09.01"]
[Round "2"]
[White "De Santis, Alessio"]
[Black "Vincenzi, Marco"]
[Result "1/2-1/2"]
[WhiteElo "2289"]
[BlackElo "2093"]
[PlyCount "60"]
[EventDate "2013.08.31"]
[EventType "swiss"]
[EventRounds "9"]
[EventCountry "ITA"]
[SourceTitle "CBM 156 Extra"]
[Source "ChessBase"]
[SourceDate "2013.10.22"]
[SourceVersion "1"]
[SourceVersionDate "2013.10.22"]
[SourceQuality "1"]

1. d4 Nf6 2. c4 g6 3. f3 Bg7 4. e4 d6 5. Nc3 0-0 6. Bg5 c5 7. d5 Na6 8. Qd2 Nc7 9. h4 e6 10. h5 exd5 11. exd5 Qe8+ 12. Nge2 b5 13. Qf4 Nxh5 14. Qh4 h6 15. Be7 bxc4 16. 0-0-0 Rb8 17. g4 g5 18. Bxg5 hxg5 19. Qxh5 Qe3+ 20. Rd2 Re8 21. Nd1 Qxf3 22. Nec3 Bxg4 23. Qh7+ Kf8 24. Be2 Rxe2 25. Nxe2 Bf5 26. Qh2 Nb5 27. a4 Be5 28. Qh6+ Bg7 29. Qh2 Be5 30. Qh6+ Bg7 1/2-1/2

[Event "Porto San Giorgio op 23rd"]
[Site "Porto San Giorgio"]
[Date "2011.08.27"]
[Round "8"]
[White "Vincenzi, Marco"]
[Black "Dobboletta, Alex"]
[Result "1-0"]
[WhiteElo "2108"]
[BlackElo "1910"]
[PlyCount "41"]
[EventDate "2011.08.21"]
[EventType "swiss"]
[EventRounds "9"]
[EventCountry "ITA"]
[SourceTitle "CBM 144 Extra"]
[Source "ChessBase"]
[SourceDate "2011.10.28"]
[SourceVersion "1"]
[SourceVersionDate "2011.10.28"]
[SourceQuality "1"]

1. e4 c5 2. Nf3 d6 3. d4 cxd4 4. Nxd4 Nf6 5. Nc3 e6 6. g3 Be7 7. Bg2 0-0 8. 0-0 Bd7 9. Ndb5 Bc6 10. a4 e5 11. Bg5 Nxe4 12. Nxe4 Bxg5 13. Nxg5 a6 14. Nxh7 Kxh7 15. Nxd6 Bxg2 16. Kxg2 Qe7 17. Qh5+ Kg8 18. Rad1 Nc6 19. Nf5 Qe8 20. Rd6 Rd8 21. Qg5 1-0

[Event "Porto San Giorgio op 23rd"]
[Site "Porto San Giorgio"]
[Date "2011.08.26"]
[Round "7"]
[White "Albertini, Luca"]
[Black "Vincenzi, Marco"]
[Result "1/2-1/2"]
[WhiteElo "1986"]
[BlackElo "2108"]
[PlyCount "72"]
[EventDate "2011.08.21"]
[EventType "swiss"]
[EventRounds "9"]
[EventCountry "ITA"]
[SourceTitle "CBM 144 Extra"]
[Source "ChessBase"]
[SourceDate "2011.10.28"]
[SourceVersion "1"]
[SourceVersionDate "2011.10.28"]
[SourceQuality "1"]

1. e4 e5 2. Nf3 Nc6 3. Bc4 Nf6 4. d3 Bc5 5. 0-0 0-0 6. Bg5 h6 7. Bh4 d6 8. h3 Na5 9. Nbd2 c6 10. a3 Nxc4 11. Nxc4 b5 12. Ne3 Kh7 13. c3 Bb6 14. a4 g5 15. Bg3 Nh5 16. Bh2 Nf4 17. d4 Qe8 18. axb5 exd4 19. Nc4 Bc5 20. cxd4 cxb5 21. dxc5 bxc4 22. Bxf4 gxf4 23. Qxd6 Rg8 24. Qxf4 Bxh3 25. Kh2 Be6 26. g3 Rg4 27. Qe3 Bd7 28. Nd2 Qe5 29. Kg2 Bc6 30. f4 Qxb2 31. Rab1 Qa2 32. Ra1 Qb2 33. Rfb1 Qc2 34. Rc1 Qb2 35. Rab1 Qa2 36. Ra1 Qb2 1/2-1/2

[Event "Porto San Giorgio op 23rd"]
[Site "Porto San Giorgio"]
[Date "2011.08.23"]
[Round "3"]
[White "Ottaviani, Gianluca"]
[Black "Vincenzi, Marco"]
[Result "1/2-1/2"]
[WhiteElo "1949"]
[BlackElo "2108"]
[PlyCount "82"]
[EventDate "2011.08.21"]
[EventType "swiss"]
[EventRounds "9"]
[EventCountry "ITA"]
[SourceTitle "CBM 144 Extra"]
[Source "ChessBase"]
[SourceDate "2011.10.28"]
[SourceVersion "1"]
[SourceVersionDate "2011.10.28"]
[SourceQuality "1"]

1. e4 e5 2. Nf3 Nc6 3. Bb5 a6 4. Bxc6 dxc6 5. 0-0 Bg4 6. h3 Bh5 7. d3 Bd6 8. Nbd2 Ne7 9. Nc4 f6 10. Be3 0-0 11. g4 Bf7 12. Nh4 Qd7 13. Qf3 Rad8 14. Kh1 Bxc4 15. dxc4 b6 16. Rad1 Qe6 17. b3 Bb4 18. Rxd8 Rxd8 19. Rd1 Rd7 20. Kh2 b5 21. cxb5 cxb5 22. Rg1 Ng6 23. Nf5 Bd2 24. g5 Bxe3 25. Nxe3 Nf4 26. gxf6 Qxf6 27. Ng4 Qe6 28. Qg3 Ne2 29. Qxe5 Qxe5+ 30. Nxe5 Re7 31. Rg5 Nd4 32. Kg3 h6 33. Rh5 g6 34. Rxh6 Rxe5 35. Rxg6+ Kf7 36. Rxa6 Rxe4 37. c3 Ne6 38. a4 b4 39. Rc6 Ke7 40. cxb4 Rxb4 41. Rc3 Kd6 1/2-1/2